000 00553cam a2200145 4500500
005 20251012013739.0
041 _afre
042 _adc
100 1 0 _aLoizillon, Victor
_eauthor
245 0 0 _aWolfgang Hermann, Paysage de fuite. Translated from German (Austria) by Olivier Le Lay. Verdier, “Der Doppelgänger,” 2025, 128 pages, $18.50.
260 _c2025.
500 _a89
786 0 _nÉtudes | - | 9 | 2025-09-01 | p. 126a-127 | 0014-1941
856 4 1 _uhttps://shs.cairn.info/journal-etudes-2025-9-page-126a?lang=en&redirect-ssocas=7080
999 _c1530085
_d1530085